[Event "Medellin Easter op 11th"]
[Site "Medellin"]
[Date "2023.04.08"]
[Round "5"]
[White "Hoyos Cartagena, Jose Alfredo"]
[Black "Paz Ledezma, Mauricio"]
[Result "1/2-1/2"]
[WhiteElo "1183"]
[BlackElo "1041"]
[PlyCount "25"]
[EventDate "2023.04.05"]
[EventType "swiss"]
[EventRounds "7"]
[EventCountry "COL"]
[SourceTitle "CBM 213 Extra"]
[Source "ChessBase"]
[SourceDate "2023.05.31"]
[SourceVersion "1"]
[SourceVersionDate "2023.05.31"]
[SourceQuality "1"]

1. e4 e5 2. Nf3 Nc6 3. d4 exd4 4. Nxd4 Bc5 5. Be3 Qf6 6. c3 Nge7 7. Qd2 h6 8. b4 Bb6 9. a4 a6 10. b5 Ne5 11. Bf4 axb5 12. Bxb5 c6 13. Be2 1/2-1/2